| 000 | 00433nam a2200157Ia 4500 | ||
|---|---|---|---|
| 003 | Ost | ||
| 005 | 20260225132550.0 | ||
| 008 | 260225s9999||||xx |||||||||||||| ||und|| | ||
| 040 | _cfsic | ||
| 041 | _afre | ||
| 082 | _a440 | ||
| 100 |
_aEcole des hautes études en sciences soçiales _eAuteur |
||
| 245 | 0 | _aCommunications,télévisions et mutations / | |
| 245 | 0 | _cEcole des hautes études en sciences soçiales | |
| 942 | _cكتاب | ||
| 999 |
_c34084 _d34084 |
||